| 000 | 00986cab a2200265 4500 | ||
|---|---|---|---|
| 001 | WB3509-44 | ||
| 008 | 090401t1999 xxu||||| |||| 00| 0 eng d | ||
| 035 | _a(Sirsi) u91781 | ||
| 041 | _aeng | ||
| 245 | _aRed Book on its way out | ||
| 260 | _c1999 | ||
| 350 | _a0 | ||
| 490 |
_aEstates Gazette _v(9908) 27 February 1999, 40(1) |
||
| 520 | _aThe RICS`s Asset Valuation Standards Board (AVSB) has recommended that European valuation standards as set down in the "Approved European Property Valuation Standards" known as the Blue Book should replace the existing Red Book. The RICS has not decided whether to implement the recommendation. | ||
| 650 | _aBENCHMARKING | ||
| 650 | _aGLOBALISATION | ||
| 650 | _aHARMONISATION | ||
| 650 | _aRICS | ||
| 650 | _aSTANDARDISATION | ||
| 650 | _aABOUT RICS-RELATED ORGANISATIONS-EUROPEAN GROUP OF VALUERS' ASSOCIATIONS | ||
| 650 | _aVALUATION STANDARDS | ||
| 690 | _aRATING AND VALUATION | ||
| 942 | _n0 | ||
| 948 | _c04/03/1999 | ||
| 999 |
_c58247 _d58247 |
||